Temas de capacitación para centros de padres y apoderados

Uloženo v:
Podrobná bibliografie
Hlavní autor: Flamey, Guido (Autor)
Médium: Kniha
Jazyk:španělština
Vydáno: Santiago CIDE 1997
Vydání:1a. ed
Témata:
Tagy: Přidat tag
Žádné tagy, Buďte první, kdo vytvoří štítek k tomuto záznamu!

MARC

LEADER 00000nam a2200000 a 4500
001 UCH7243
003 CL-VaPUC
008 091109e19970000CL |||||||||||||||||spa|d
020 |a 9567241112 
082 0 4 |a 371.192  |b FLA  |2 21 
100 0 |a Flamey, Guido  |e author  |9 543672 
245 1 0 |a Temas de capacitación para centros de padres y apoderados 
250 |a 1a. ed 
300 |a 127 p 
942 |c BK 
945 |d 20091109 00:00:00  |a lazolas 
260 |a Santiago  |b CIDE  |c 1997 
650 7 |a PARTICIPACION DE LOS PADRES  |2 CL-VaPUC  |9 543673 
650 0 |a Integración social  |9 319662 
650 0 |a Evaluación de la educación   |9 237505 
650 0 |a Gestión educacional   |9 261035 
583 |a last modification  |c 20091109 00:00:00  |k Rodrigo Vera 
999 |c 337909  |d 337907